Trois discours sur la liberté de l'église, la liberté d'enseignement et la liberté des ordres monastiques

Detalles Bibliográficos
Autor principal: MONTALEMBERT, Conde de
Formato: Libro
Publicado: París 1844
Materias:
Colección:Banco de datos
Acervo:Biblioteca del Museo Regional de Querétaro. INAH. Querétaro
Tema general:Apologética
Notas:Buena. 2E3, 27
LEADER 00700nam a22001930004500
035 |a 29730 
036 |a 3439 
100 1 |a MONTALEMBERT, Conde de 
245 1 0 |a Trois discours sur la liberté de l'église, la liberté d'enseignement et la liberté des ordres monastiques 
260 |a París  |b Waller  |c 1844 
500 |a Buena. 2E3, 27 
650 1 0 |a Apologética 
949 |a C.R.Q. 
959 |a Ex convento Grande de San Francisco de la ciudad de Querétaro, Museo Regional de Querétaro  |b CCC2 
960 |a Colección General, Querétaro  |b DD80 
961 |a Varias Ordenes Religiosas  |b VO 
942 |c C.R.Q. 
943 |g Biblioteca del Museo Regional de Querétaro. INAH. Querétaro 
999 |c 986046  |d 986046